000 01027cab a2200205 4500
001 L130241
008 050704n2005 000 0 eng u
035 _a(Sirsi) u130241
041 _aeng
100 _aLangdon-Down, Grania
245 _aArt and the law
260 _c2005
490 _aLaw Society's Gazette
_v102(25) 23 June 2005, 26-29(4)
520 _aTwo articles looking at issues in art law. "Culture club" looks at the high-profile issues in art law and the views of the firms that dealt with them. Includes Christie's sale of the Houghton vases, the dispute over the exportation of Canova's Three Graces, the repatriation of art, the Momart warehouse fire, art containing material from endangered species and the resale right, droit de suite. The second article, "Firms are in the frame", looks at the current interest in legal paintings, painters and collectors.
590 _aIKA190705
650 2 4 _aDIRECTIVE 2001/84/EC
651 4 _aUnited Kingdom
_y
690 _aArts and antiques
_96217
942 _n0
999 _c75510
_d75510